00460 2200181 4500001002100000005001500021008004100036020002200077035001900099041000700118082000800125090001400133100002200147245001800169260004600187300002700233650001800260INLIS00000000000705220241224113412241224||||||||| | ||| |||| || |  a978-979-22-8231-3 0010-1224007052 aid0 a823 a823 WIL h0 aJACQUELINE WILSON00aHetty Feather aJakartabPT. Gramedia Pustaka Utamac2012 a464 hlm.; ilus.: 20 cm 0aKesusasteraan